掌握你的时间与生命 (Record no. 13868)

000 -LEADER
fixed length control field 00464nam a22001817a 4500
003 - CONTROL NUMBER IDENTIFIER
control field MPLRDC
005 - DATE AND TIME OF LATEST TRANSACTION
control field 20220104123739.0
008 - FIXED-LENGTH DATA ELEMENTS--GENERAL INFORMATION
fixed length control field 210129b ||||| |||| 00| 0 eng d
082 ## - DEWEY DECIMAL CLASSIFICATION NUMBER
Classification number 177 LAK
100 ## - MAIN ENTRY--PERSONAL NAME
Personal name ALAN LAKEIN
245 ## - TITLE STATEMENT
Title 掌握你的时间与生命
Statement of responsibility, etc. 陈卫平译
250 ## - EDITION STATEMENT
Edition statement 六版
260 ## - PUBLICATION, DISTRIBUTION, ETC.
Place of publication, distribution, etc.
Name of publisher, distributor, etc. 允晨文化实业股份有限
Date of publication, distribution, etc. 1984
300 ## - PHYSICAL DESCRIPTION
Other physical details
490 ## - SERIES STATEMENT
Series statement 允晨现代文库. 2
650 ## - SUBJECT ADDED ENTRY--TOPICAL TERM
Topical term or geographic name entry element 应用心理学
942 ## - ADDED ENTRY ELEMENTS (KOHA)
Koha item type Book
-- 177 LAK
Holdings
Withdrawn status Lost status Source of classification or shelving scheme Damaged status Not for loan Collection code Home library Current library Shelving location Date acquired Cost, normal purchase price Total Checkouts Full call number Barcode Date last seen Date last checked out Price effective from Koha item type Public note
            Malaysian Public Library, Research and Development Centre Malaysian Public Library, Research and Development Centre   10/12/2007 17.00   177 LAK 00013891 17/03/2021 10/07/2016 17/03/2021 Book mplrdc

© 2022. Malaysian Public Library, Research and Development Centre. All Right ReservedE-mailmplrdc@help.edu.my 

Powered by Koha